The noble scholar, jurist, historian


 His Excellency Dr. Abdul Wahhab bin Ibrahim Abu Sulaiman, may Allah have mercy on him.


 He was born in Umm Al-Qura in the year 1356 AH.

كتاب الأدوار والرسالة الشرفية في النسب التأليفية / (Record no. 12125)

MARC details
000 -LEADER
fixed length control field 01591cam a2200289 i 4500
003 - CONTROL NUMBER IDENTIFIER
control field SA-RiAUC
005 - DATE AND TIME OF LATEST TRANSACTION
control field 20251005115005.0
008 - FIXED-LENGTH DATA ELEMENTS--GENERAL INFORMATION
fixed length control field 250925s1984 gw g 000 0 ara c
040 ## - CATALOGING SOURCE
Original cataloging agency SA-JeALM
Language of cataloging ara
Transcribing agency SA-RiAUC
Description conventions rda
043 ## - GEOGRAPHIC AREA CODE
Geographic area code ma-----
082 04 - DEWEY DECIMAL CLASSIFICATION NUMBER
Classification number 780.917
090 ## - LOCALLY ASSIGNED LC-TYPE CALL NUMBER (OCLC); LOCAL CALL NUMBER (RLIN)
Classification number (OCLC) (R) ; Classification number, CALL (RLIN) (NR) خ 780.917
Local cutter number (OCLC) ; Book number/undivided call number, CALL (RLIN) ا ر م
100 1# - MAIN ENTRY--PERSONAL NAME
Personal name الأرموي، عبد المؤمن بن يوسف بن فاخر،
Dates associated with a name توفي 693 هجري
Relator term مؤلف.
245 10 - TITLE STATEMENT
Title كتاب الأدوار والرسالة الشرفية في النسب التأليفية /
Statement of responsibility, etc. صفي الدين الأرموي
246 30 - VARYING FORM OF TITLE
Title proper/short title الأدوار والرسالة الشرفية في النسب التأليفية
264 #1 - PRODUCTION, PUBLICATION, DISTRIBUTION, MANUFACTURE, AND COPYRIGHT NOTICE
Place of production, publication, distribution, manufacture فرانكفورت، ألمانيا :
Name of producer, publisher, distributor, manufacturer معهد تاريخ العلوم العربية والإسلامية،
Date of production, publication, distribution, manufacture, or copyright notice 1984.
300 ## - PHYSICAL DESCRIPTION
Extent 95 + 135 صفحة ؛
Dimensions 24 سم.
336 ## - CONTENT TYPE
Content type term نص
Content type code txt
Source rdacontent
Materials specified كتاب
337 ## - MEDIA TYPE
Media type term بدون وسيط
Media type code n
Source rdamedia
338 ## - CARRIER TYPE
Carrier type term مجلد
Carrier type code nc
Source rdacarrier
490 0# - SERIES STATEMENT
Series statement سلسلة عيون التراث / معهد تاريخ العلوم العربية والإسلامية (فرانكفورت، ألمانيا) ؛
Volume/sequential designation 6
562 ## - COPY AND VERSION IDENTIFICATION NOTE
Identifying markings مصور عن مخطوطة رقم 3653 من مكتبة نور عثمانية في إسطنبول وطبع الرسالة الشرفية بالتصوير عن مخطوطة أحمد الثالث 3460 مكتبة طوب قابوسراي في إسطنبول.
650 #7 - SUBJECT ADDED ENTRY--TOPICAL TERM
Topical term or geographic name entry element الموسيقى العربية
Source of heading or term aucsh
650 #7 - SUBJECT ADDED ENTRY--TOPICAL TERM
Topical term or geographic name entry element الموسيقى الشرقية
Source of heading or term aucsh
942 ## - ADDED ENTRY ELEMENTS (KOHA)
Source of classification or shelving scheme Dewey Decimal Classification
Koha item type مخطوطة
Suppress in OPAC No
949 ## - LOCAL PROCESSING INFORMATION (OCLC)
a SA-JeALM
d 250925
u osman123
n 1
Holdings
Withdrawn status Lost status Source of classification or shelving scheme Damaged status Not for loan Home library Current library Date acquired Total checkouts Full call number Barcode Date last seen Price effective from Koha item type
    Dewey Decimal Classification     DR AbdElwahab Library DR AbdElwahab Library 09/26/2025   780.917 ا ر م 000019515 09/26/2025 09/26/2025 مخطوطة